000 00210nam a22000857a 4500
999 _c10924
_d10924
008 180409b ||||| |||| 00| 0 eng d
100 _aArora Sumita
_96733
245 _aInformation Practices-XI
260 _aNew Delhi